01535cam a2200301 i 450000100090000000300040000900500170001300800410003001000170007102000180008804000280010604200080013405000240014208200200016610000210018624501580020725000190036526400310038430000460041533600260046133700280048733800270051550400510054250505720059365000150116565000250118070000280120518253730OSt20230826143337.0140804s2016 maua b 001 0 eng  a 2014027772 a9780133479522 aDLCbengcDLCerdadDLC apcc00aHG4028.V3bT58 201600a658.1522bTIT/V1 aTitman, Sheridan10aValuation :bthe art and science of corporate investment decisions /cSheridan Titman, University of Texas at Austin, John D. Martin, Baylor University. aThird edition. 1aBoston :bPearson,c[2016] axxvi, 529 pages :billustrations ;c26 cm atextbtxt2rdacontent aunmediatedbn2rdamedia avolumebnc2rdacarrier aIncludes bibliographical references and index.0 aOverview of valuation -- Forecasting and valuing cash flows -- Project risk analysis -- Estimating a firm's cost of capital -- Estimating required rates of return for projects -- Forecasting financial performance -- Earnings dilution, incentive compensation, and project selection -- Relative valuation using market comparables -- Enterprise valuation -- Valuation in a private equity setting -- Using futures and options to value real investments -- Managerial flexibility and project valuation: real options -- Strategic options: evaluating strategic opportunities. 0aValuation. 0aCapital investments.1 aMartin, John D.,d1945-